Introducción a la investigación de mercados / (Registro nro. 29478)

Detalles MARC
000 -LÍDER
fixed length control field 00614nam a22002177a 4500
003 - IDENTIFICADOR DEL NÚMERO DE CONTROL
control field ITZ
005 - FECHA Y HORA DE LA ULTIMA TRANSACCIÓN
Campo de control 20240524155150.0
008 - ELEMENTOS DE LONGITUD FIJA -- INFORMACIÓN GENERAL
fixed length control field 240524b |||||||| |||| 00| 0 spa d
020 ## - NÚMERO INTERNACIONAL NORMALIZADO PARA LIBROS
ISBN 978-607-15-1455-4
035 ## - Número de ficha (Janium)
Número de ficha (Janium) 17860
041 ## - CÓDIGO DE IDIOMA
Código de idioma para texto/pista de sonido o título separado spa
050 ## - SIGNATURA TOPOGRAFICA DE LA BIBLIOTECA DEL CONGRESO (LC)
Número de Clasificación HF5415.2
Cutter B46 - 2020
082 ## - NUMERO DE CLASIFICACION DECIMAL DEWEY
Número de Clasificación 658.83
Cutter B212i - 2020
100 1# - ASIENTO PRINCIPAL--NOMBRE PERSONAL
Nombre personal Benassini, Marcela
245 ## - TÍTULO
Título Introducción a la investigación de mercados /
Mención de responsabilidad, etc. Marcela Benassini
250 ## - MENCIÓN DE EDICIÓN
Mención de edición 1a ed.
260 ## - PUBLICACIÓN, DISTRIBUCIÓN, ETC. (PIE DE IMPRENTA)
Lugar de publicación, distribución, etc. México:
Nombre del editor, distribuidor, etc. Mc Graw Hill - Interamericano,
Fecha de publicación, distribución, etc. 2020
300 ## - DESCRIPCIÓN FÍSICA
Extensión XIII, 298 p.
Otros detalles físicos il /
Dimensiones 27 cm.
650 ## - ASIENTO SECUNDARIO DE MATERIA - TERMINO TEMÁTICO
Término temático o nombre geográfico como elemento de entrada 1. INVESTIGACIÓN DE MERCADO
942 ## - TIPO DE MATERIAL (KOHA)
Koha item type Libros
Existencias
No. biblioteca No. biblioteca Número de clasificación Código de barras/Número de adquisición Número de copia Tipo de material Otras carreras
AREA DE ADMINISTRACIÓN LUIS G. INCLAN 658.83 B212i - 2020 55005 1 Libros LUIS G. INCLAN
Calzada Tecnológico # 27, Zacatepec, Morelos.
01(734) 343-07-23 / 343-21-10 / 343-21-11
Apdo. Postal 45 C.P 62780